|
|
|
|
| LEADER |
01087nam a2200241 a 4500 |
| 001 |
3676702 |
| 008 |
091028s1969 rura b 001 0 eng d |
| 010 |
|
|
|a 77554250
|
| 040 |
|
|
|a DLC
|c DLC
|d DLC
|
| 082 |
0 |
0 |
|a 709.47
|2 16
|
| 110 |
2 |
|
|a Gosudarstvennai͡a︡ Oruzheĭnai͡a︡ palata (Russia)
|
| 240 |
1 |
0 |
|a Gosudarstvennai͡a︡ Oruzheĭnai͡a︡ palata Moskovskogo Kremli͡a︡.
|l English
|
| 245 |
1 |
0 |
|a State Armoury in the Moscow Kremlin.
|b [Album.
|
| 260 |
|
|
|a Moscow,
|b Izobrazitelnoye Iskusstvo Pub. House,
|c 1969
|
| 300 |
|
|
|a xii, 204 p. with illus.
|c 33 cm.
|
| 500 |
|
|
|a Translation of Gosudarstvennai͡a︡ Oruzheĭnai͡a︡ palata Moskovskogo Kremli͡a︡.
|
| 504 |
|
|
|a Includes Bibliography (p. [199]-[200])
|
| 541 |
1 |
|
|e 00014095
|
| 650 |
|
0 |
|a Art
|z Soviet Union
|
| 650 |
|
0 |
|a Weapons
|z Soviet Union.
|
| 852 |
4 |
|
|a Ayesha Abed Library
|j General Shelf
|
| 999 |
|
|
|c 5414
|d 5414
|
| 952 |
|
|
|0 0
|1 0
|2 ddc
|4 0
|6 709_470000000000000_STA
|7 0
|9 5285
|a BRACUL
|b BRACUL
|c GEN
|d 2009-11-11
|g 0.00
|l 1
|o 709.47 STA
|p 3010014095
|r 2025-11-10
|s 2025-10-08
|t 1
|w 2009-11-11
|y BK
|x No price found in the accession register.
|